Histoire de la réunion de la Franche-Comté à la France : (Record no. 162109)

MARC details
000 -LEADER
campo de control de longitud fija 01003nam a22002655i 4500
001 - NÚMERO DE CONTROL
campo de control 162109
003 - IDENTIFICADOR DE NÚMERO DE CONTROL
campo de control ES-MaACL
005 - FECHA Y HORA DE LA ÚLTIMA TRANSACCIÓN
campo de control 20250811063157.0
008 - DATOS DE LONGITUD FIJA--INFORMACIÓN GENERAL
campo de control de longitud fija 020731s1881 fr a |||| | fre d
040 ## - FUENTE DE CATALOGACIÓN
Centro catalogador/agencia de origen CCPB | B
Lengua de catalogación spa
Centro/agencia transcriptor CCPB | B
080 ## - NÚMERO DE LA CLASIFICACIÓN DECIMAL UNIVERSAL
Número de la Clasificación Decimal Universal 94(444.5/.8)
080 ## - NÚMERO DE LA CLASIFICACIÓN DECIMAL UNIVERSAL
Número de la Clasificación Decimal Universal 94(444.5/.8)"1678"
100 1# - ENTRADA PRINCIPAL--NOMBRE DE PERSONA
Nombre de persona Piépape, Léonce de,
Fechas asociadas al nombre 1840-1925
Término indicativo de función/relación Autor
9 (RLIN) 131193
245 10 - MENCIÓN DEL TÍTULO
Título Histoire de la réunion de la Franche-Comté à la France :
Resto del título événements diplomatiques et militaires (1279 à 1678), avec notes, pièces et documents inédits /
Mención de responsabilidad, etc. par L. de Piépape
260 ## - PUBLICACIÓN, DISTRIBUCIÓN, ETC.
Lugar de publicación, distribución, etc. Paris :
Nombre del editor, distribuidor, etc. H. Champion ;
Fecha de publicación, distribución, etc. 1881
300 ## - DESCRIPCIÓN FÍSICA
Extensión 2 volúmenes :
Otras características físicas ilustraciones ;
Dimensiones 22 cm
651 #4 - PUNTO DE ACCESO ADICIONAL DE MATERIA--NOMBRE GEOGRÁFICO
Nombre geográfico Franco Condado-
Subdivisión general Historia
9 (RLIN) 241686
651 #4 - PUNTO DE ACCESO ADICIONAL DE MATERIA--NOMBRE GEOGRÁFICO
Nombre geográfico Franco Condado-
Subdivisión general Historia-
Subdivisión cronológica 1678, Anexión a Francia
9 (RLIN) 241687
752 ## - ENTRADA AGREGADA--NOMBRE JERÁRQUICO DEL LUGAR
País o entidad superior Francia -
Ciudad París
752 ## - ENTRADA AGREGADA--NOMBRE JERÁRQUICO DEL LUGAR
País o entidad superior Francia -
Ciudad Besançon
852 4# - LOCALIZACIÓN
Ubicación ES-MaACL
Ubicación en estantería Sala Pecera Planta 2
Número de control de estantería F-8054
942 ## - ELEMENTOS DE ENTRADA SECUNDARIOS (KOHA)
Fuente del sistema de clasificación o colocación Clasificación decimal universal
Tipo de ítem Koha Libro impreso antiguo
Suprimir en OPAC No
Holdings
Estatus retirado Estado de pérdida Fuente del sistema de clasificación o colocación Estado de daño No para préstamo Colección Biblioteca de origen Biblioteca actual Ubicación en estantería Fecha de adquisición Total de préstamos Signatura topográfica completa Código de barras Visto por última vez Tipo de ítem Koha
    Clasificación decimal universal     Libros del s. XIX Biblioteca del Ateneo de Madrid Biblioteca del Ateneo de Madrid Sala Pecera Planta 2 17/01/2008   F-8054 1169824 23/02/2023 Libro impreso antiguo